Minecraft Items: Dyes - Statistics

General Stats
  • This quiz has been taken 34 times
  • The average score is 30 of 42
Answer Stats
Answer % Correct
Black
100%
Blue
100%
Green
100%
Light Blue
97%
Pink
97%
Red
97%
White
97%
Yellow
97%
Cyan
94%
Gray
94%
Light Gray
94%
Lime
94%
Orange
94%
Purple
94%
Magenta
90%
Wool
90%
Brown
87%
Bed
77%
Carpet
77%
Leather Boots
77%
Sheep
77%
Concrete
74%
Leather Cap
74%
Leather Pants
74%
Leather Tunic
74%
Terracotta
74%
Banner
65%
Wolf
65%
Concrete Powder
61%
Stained Glass
61%
Cat
55%
Glazed Terracotta
55%
Stained Glass Pane
52%
Leather Horse Armor
45%
Shulker Box
42%
Sign
42%
Candle
39%
Bundle
29%
Hanging Sign
26%
Wolf Armor
26%
Firework Star
16%
Harness
16%
No matching quizzes found
Score Distribution
Percent of People with Each Score
Percentile by Number Answered
Your Score History
You have not taken this quiz